| 000 | 00412nam a2200145Ia 4500 | ||
|---|---|---|---|
| 008 | 221007s9999 xx 000 0 und d | ||
| 041 | _aeng | ||
| 082 | _bGAU | ||
| 100 |
_aGauri Deshpande - 2k161013; Prof. Pranita Sonar - Guide & Parag Agencies _9105063 |
||
| 245 | 2 | _aA Study Of Job Satisfaction | |
| 260 |
_c2016 _bSavitribai Phule Pune University _aPune |
||
| 300 | _a63p | ||
| 440 | _v1 | ||
| 906 | _bGeneral | ||
| 999 |
_c79963 _d79963 |
||